Business economics (Record no. 149983)
[ view plain ]
| 000 -LEADER | |
|---|---|
| fixed length control field | 00385nam a2200157Ia 4500 |
| 008 - FIXED-LENGTH DATA ELEMENTS--GENERAL INFORMATION | |
| fixed length control field | 161229s9999 xx 000 0 und d |
| 020 ## - INTERNATIONAL STANDARD BOOK NUMBER | |
| International Standard Book Number | 0631201793 |
| 082 ## - DEWEY DECIMAL CLASSIFICATION NUMBER | |
| Classification number | 338.7 ORC/BU |
| 100 ## - MAIN ENTRY--PERSONAL NAME | |
| Personal name | Orchard, E W |
| 245 ## - TITLE STATEMENT | |
| Title | Business economics |
| 260 ## - PUBLICATION, DISTRIBUTION, ETC. (IMPRINT) | |
| Name of publisher, distributor, etc. | Black well Publications |
| Place of publication, distribution, etc. | Oxford |
| Date of publication, distribution, etc. | 1997 |
| 300 ## - PHYSICAL DESCRIPTION | |
| Extent | xxii, 664 |
| 700 ## - ADDED ENTRY--PERSONAL NAME | |
| Personal name | Eden, James |
| 700 ## - ADDED ENTRY--PERSONAL NAME | |
| Personal name | Glen, John |
| 942 ## - ADDED ENTRY ELEMENTS (KOHA) | |
| Koha item type | Books (General) |
| Withdrawn status | Lost status | Damaged status | Not for loan | Home library | Current library | Date acquired | Total Checkouts | Full call number | Barcode | Date last seen | Price effective from | Koha item type | Public note |
|---|---|---|---|---|---|---|---|---|---|---|---|---|---|
| KAU Central Library, Thrissur | KAU Central Library, Thrissur | 29/12/2016 | 338.7 ORC/BU | 901292 | 29/12/2016 | 29/12/2016 | Books (General) | Book transferred from CCBM Library ,Acc.No:7990 |
